[Event "Bosnjaci op 25th"]
[Site "Bosnjaci"]
[Date "2020.01.04"]
[Round "2"]
[White "Sipic, Hrvoje"]
[Black "Matanovic, Nikola"]
[Result "0-1"]
[WhiteElo "2210"]
[BlackElo "1933"]
[PlyCount "82"]
[EventDate "2020.01.03"]
[EventType "swiss"]
[EventRounds "9"]
[EventCountry "CRO"]
[SourceTitle "CBM 194 Extra"]
[Source "ChessBase"]
[SourceDate "2020.03.31"]
[SourceVersion "1"]
[SourceVersionDate "2020.03.31"]
[SourceQuality "1"]

1. d4 d5 2. Nf3 Nf6 3. Bf4 e6 4. e3 Bd6 5. Ne5 Nbd7 6. Nd2 0-0 7. Bd3 Bxe5 8. dxe5 Ne8 9. Nf3 f6 10. h4 c5 11. Bxh7+ Kxh7 12. Ng5+ fxg5 13. hxg5+ Kg8 14. Qh5 Rxf4 15. exf4 Kf8 16. g6 Nb6 17. Qh8+ Ke7 18. Qg8 Kd7 19. f5 exf5 20. Qf7+ Qe7 21. Qxf5+ Kc6 22. Qf4 Be6 23. 0-0-0 Rd8 24. Rh8 d4 25. Kb1 Nd5 26. Qe4 Qd7 27. Rf8 Kb6 28. f4 Qb5 29. Kc1 Nb4 30. a3 Na2+ 31. Kd2 Qxb2 32. f5 Qc3+ 33. Ke2 Bc4+ 34. Kf2 Qe3+ 35. Qxe3 dxe3+ 36. Kxe3 Rxd1 37. Rxe8 Nc3 38. Kf4 Rd4+ 39. Kg5 Ne4+ 40. Kh5 Ng3+ 41. Kg5 Be2 0-1

[Event "Bosnjaci op 14th"]
[Site "Bosnjaci"]
[Date "2009.01.06"]
[Round "5"]
[White "Matanovic, Nikola"]
[Black "Kruskic, Mirsad"]
[Result "0-1"]
[WhiteElo "2064"]
[BlackElo "2242"]
[PlyCount "215"]
[EventDate "2009.01.03"]
[EventType "swiss"]
[EventRounds "9"]
[EventCountry "CRO"]
[SourceTitle "CBM 128 Extra"]
[Source "ChessBase"]
[SourceDate "2009.03.05"]
[SourceVersion "2"]
[SourceVersionDate "2009.03.25"]
[SourceQuality "1"]

1. d4 Nf6 2. c4 g6 3. Nc3 Bg7 4. e4 d6 5. Bd3 e5 6. d5 Nbd7 7. Nge2 0-0 8. 0-0 c6 9. Bg5 h6 10. Bh4 a5 11. Rb1 g5 12. Bg3 Nh5 13. f3 Nb6 14. Bf2 c5 15. Ng3 Nf4 16. Nce2 Bd7 17. b3 Nc8 18. Kh1 Ne7 19. Nxf4 exf4 20. Nh5 Be5 21. g4 Ng6 22. Qc2 Rb8 23. a4 f6 24. Kg2 Be8 25. Rh1 Nh8 26. Rbg1 b6 27. h4 Bxh5 28. gxh5 Rb7 29. Be1 Rg7 30. hxg5 hxg5 31. Bc3 Nf7 32. Kf2 Qd7 33. Bf1 Bxc3 34. Qxc3 Nh6 35. Bh3 Qe7 36. Be6+ Kh8 37. Qc2 Nf7 38. Kf1 Rh7 39. Bf5 Rh6 40. Be6 Ne5 41. Qg2 Kg7 42. Ke2 Qe8 43. Qh2 Rfh8 44. Qxf4 Rxh5 45. Rxh5 Qxh5 46. Qg3 Qh2+ 47. Qxh2 Rxh2+ 48. Ke3 Ng6 49. Rd1 Nf4 50. Rd2 Ng2+ 51. Rxg2 Rxg2 52. Kd3 Rb2 53. Kc3 Rf2 54. Bg4 f5 55. exf5 Kf6 56. Kd3 Ke5 57. Kc3 Rh2 58. Kd3 Kf6 59. Kc3 Re2 60. Kd3 Re7 61. Kd2 Ke5 62. Kd3 Kf4 63. Kd2 Rh7 64. Kd3 Rh2 65. Kc3 Re2 66. Kd3 Re7 67. Kd2 Kg3 68. Bh5 Rh7 69. Bg4 Kf2 70. Kd3 Re7 71. Bh5 Re5 72. Bg4 Re3+ 73. Kc2 Kg3 74. Bh5 Kh4 75. Bg4 Re8 76. Kd3 Kg3 77. Bh5 Re5 78. Bg4 Kf4 79. f6 Re3+ 80. Kd2 Re8 81. Bh5 Rf8 82. f7 Ke5 83. Ke3 Kf5 84. Kd3 Kf4 85. Ke2 Ke5 86. Ke3 Kf5 87. Kd3 Kf6 88. Ke4 Rh8 89. f4 gxf4 90. Kxf4 Kg7 91. Kg5 Rh7 92. Bg6 Rh3 93. Kf5 Re3 94. Bh5 Re5+ 95. Kg4 Kf8 96. Bg6 Re3 97. Kf5 Ke7 98. Bh5 Rxb3 99. f8Q+ Kxf8 100. Ke6 Rb4 101. Be2 Rxa4 102. Kxd6 Ra2 103. Bf3 a4 104. Kc6 Ke7 105. Kb7 Rd2 106. Be4 a3 107. Bb1 a2 108. d6+ 0-1

[Event "Bosnjaci op 14th"]
[Site "Bosnjaci"]
[Date "2009.01.04"]
[Round "2"]
[White "Kristovic, Marijan"]
[Black "Matanovic, Nikola"]
[Result "1-0"]
[WhiteElo "2330"]
[BlackElo "2064"]
[PlyCount "83"]
[EventDate "2009.01.03"]
[EventType "swiss"]
[EventRounds "9"]
[EventCountry "CRO"]
[SourceTitle "CBM 128 Extra"]
[Source "ChessBase"]
[SourceDate "2009.03.05"]
[SourceVersion "2"]
[SourceVersionDate "2009.03.25"]
[SourceQuality "1"]

1. e4 c5 2. c3 d5 3. exd5 Qxd5 4. Nf3 Qd8 5. d4 e6 6. Be3 cxd4 7. Qxd4 Qxd4 8. Nxd4 Bd7 9. Nd2 Be7 10. Nb5 Bxb5 11. Bxb5+ Nd7 12. 0-0-0 a6 13. Bxd7+ Kxd7 14. Nc4+ Ke8 15. Nd6+ Bxd6 16. Rxd6 b5 17. Bd4 Ne7 18. Rd1 Kf8 19. Bc5 Ke8 20. b4 h5 21. a4 Rh6 22. Kb2 Rg6 23. g3 Rg5 24. Rd7 Nd5 25. Rb7 Re5 26. Rd2 Re1 27. a5 Re4 28. h4 Rc4 29. Rxd5 exd5 30. Re7+ Kd8 31. Rxf7 Rc8 32. Rxg7 Rc6 33. Rg5 Re6 34. Rxd5+ Kc7 35. Rxh5 Re2+ 36. Kb3 Re1 37. Rh7+ Kc6 38. Ra7 Rc1 39. Rxa6+ Kd5 40. Rd6+ Ke5 41. Rd3 Ke4 42. Rd4+ 1-0